| 000 | 00451nmm a2200157Ia 4500 | ||
|---|---|---|---|
| 008 | 251105s9999||||xx |||||||||||||||||und|| | ||
| 020 | _a9789560100757 | ||
| 041 | _aspa | ||
| 100 | _aAsenjo, Christian | ||
| 245 | 0 | _aEl palacio subterráneo | |
| 264 |
_a[Santiago de Chile, Chile] : _bRil editores, _c2014 |
||
| 300 | _a102 páginas | ||
| 650 | _aLatin American narrative | ||
| 856 | _uhttps://public.digitaliapublishing.com/a/29553 | ||
| 942 | _cCF | ||
| 999 |
_c93640 _d93640 |
||